000 00592nam a2200205 a 4500
005 20230302063607.0
008 020118s1999 es r 000 0 spa d
020 _a8478693505
035 _aUPN01000114743
049 _aCG
050 4 _aRF260
_bC3.3
100 1 _aCarrasco, Francisco Lorenzo
245 1 0 _aExploración audiométrica y adaptación de prótesis auditivas /
_cFrancisco Lorenzo Carrasco.
260 _aMadrid :
_bCEPE,
_c[1999].
300 _a197 p.
440 0 _aLenguaje y comunicación ;
_v15
650 4 _aAUDIOMETRIA
_92824
650 2 _aSonido
_9168
905 _aLibro
999 _c88583
_d88583